01488nam a2200277 a 450000100100000000500170001000800410002704000250006808200240009324500840011726000370020130000280023850400280026659000260029465000390032065000520035965000540041170000320046591000420049795201360053995201360067595201360081195201210094795201270106899900150119500000816720251104125016.0090915s1981 dr a r 000 0 spa d aDO-SdBNPbspacBNPHU a633.61097293bM294c00aManual del cultivo de la caña de azúcar /cJosé Suazo Báez... [et al.]. aSanto Domingo :b[s. n.],c1981. a177 p. :bil. ;c21 cm. aBibliografía : p. 175 aInventariado, 2018/BT 0aCaña de azucar xCultivo 922166 4aCaña de azúcarxEnfermedades y plagas94249 4aCaña de azúcarzRepública Dominicana92216712aSuazo Báez, José922168 aValidado. Control de calidad. MMOLINA 001054708DSaGRbGRcHDd2010-11-29iLF1l0o633.61097293 M294cp8167-30r2020-06-25te. 3w2020-06-25yLFDSZPréstamo en sala 001054708DSaGRbGRcHDd2013-09-25iLF1l0o633.61097293 M294cp8167-50r2020-06-25te. 4w2020-06-25yLFDSZPréstamo en sala 001054708DSaGRbGRcHDd2017-02-14iLF1l0o633.61097293 M294cp8167-60r2020-06-25te. 5w2020-06-25yLFDSZPréstamo en sala 0010718PDaPDbPDcHDd2009-09-15iLF1l0o633.61097293 M294cp8167-10r2020-06-25w2020-06-25yLFPDZNo se presta 0010718PDaPDbPDcHDd2010-11-27iLF1l0o633.61097293 M294cp8167-20r2020-06-25te. 2w2020-06-25yLFPDZNo se presta c7944d7944